000 00339cam a22001217a 4500
008 180718b1996 xxu||||| |||| 00| 0 eng d
082 _aA99 B252
100 _aBarnala, Surjit Singh
245 _aStory of an escape
_cby Surjit Singh Barnala
260 _aNew Delhi
_bPenguin Books
_c1996
300 _a164p.
650 _aBarnala, Surjit Singh
999 _c379876
_d379876